| 000 | 00628cam a2200229 4500 | ||
|---|---|---|---|
| 001 | J97574 | ||
| 008 | 090401t1998 xxu||||| |||| 00| 0 eng d | ||
| 035 | _a(Sirsi) u92249 | ||
| 041 | _aeng | ||
| 050 | _a332.6324 | ||
| 110 |
_aChesterton International _949 |
||
| 245 | _aProperty lending survey 1998. | ||
| 260 |
_aLondon _bChesterton _c1998 |
||
| 300 | _a(4)p. ; 30cm. | ||
| 350 | _a0 | ||
| 650 | _aPROPERTY FINANCE | ||
| 650 | _aPROPERTY LENDING | ||
| 690 | _aPROPERTY-COMMERCIAL PROPERTY-COMMERCIAL PROPERTY FINANCE AND INVESTMENT | ||
| 710 |
_aUniversity of Greenwich _92963 |
||
| 942 | _n0 | ||
| 948 | _c22/03/1999 | ||
| 999 |
_c97731 _d97731 |
||